[Event "Heusenstamm Sparkassen op-A 2nd"]
[Site "Heusenstamm"]
[Date "2015.11.29"]
[Round "7"]
[White "Meyner, Hannes"]
[Black "Borovikov, Vladislav"]
[Result "1/2-1/2"]
[WhiteElo "2202"]
[BlackElo "2564"]
[PlyCount "107"]
[EventDate "2015.11.26"]
[EventType "swiss"]
[EventRounds "7"]
[EventCountry "GER"]
[SourceTitle "CBM 169 Extra"]
[Source "ChessBase"]
[SourceDate "2015.12.18"]
[SourceVersion "1"]
[SourceVersionDate "2015.12.18"]
[SourceQuality "1"]

1. d4 d5 2. c4 c6 3. Nf3 Nf6 4. e3 a6 5. Nc3 b5 6. b3 Bg4 7. Be2 e6 8. h3 Bh5 9. g4 Bg6 10. Ne5 Bb4 11. Bd2 Bxc3 12. Bxc3 Ne4 13. Bb2 Nd7 14. h4 Nxe5 15. dxe5 h6 16. cxd5 cxd5 17. a4 Qa5+ 18. Kf1 b4 19. Bd3 Nc3 20. Bxc3 Bxd3+ 21. Qxd3 bxc3 22. Rc1 Rc8 23. Qd4 c2 24. f4 Qc3 25. Qxc3 Rxc3 26. Rh2 Rxe3 27. Rhxc2 0-0 28. Rc3 Re4 29. Rf3 f6 30. Rc6 fxe5 31. Rxe6 Rexf4 32. Rxf4 Rxf4+ 33. Ke2 Rxg4 34. Rxa6 Rb4 35. Ra5 Rxb3 36. Rxd5 Rb4 37. h5 Rxa4 38. Rxe5 Rf4 39. Ke3 Rf1 40. Ke2 Rf6 41. Ke3 Kf7 42. Ra5 Rf1 43. Ke4 Kf6 44. Ra6+ Kg5 45. Rg6+ Kxh5 46. Rxg7 Kh4 47. Ke3 h5 48. Ke2 Rf5 49. Rg2 Kh3 50. Rf2 Re5+ 51. Kf1 h4 52. Kg1 Re1+ 53. Rf1 Rxf1+ 54. Kxf1 1/2-1/2

[Event "Heusenstamm Sparkassen op-A 2nd"]
[Site "Heusenstamm"]
[Date "2015.11.27"]
[Round "3"]
[White "Meyner, Hannes"]
[Black "Martin, Reiner"]
[Result "1-0"]
[WhiteElo "2202"]
[BlackElo "2021"]
[PlyCount "37"]
[EventDate "2015.11.26"]
[EventType "swiss"]
[EventRounds "7"]
[EventCountry "GER"]
[SourceTitle "EXT 2018"]
[Source "ChessBase"]
[SourceDate "2017.10.13"]
[SourceVersion "1"]
[SourceVersionDate "2017.10.13"]
[SourceQuality "1"]

1. d4 Nf6 2. c4 c5 3. d5 e6 4. Nc3 exd5 5. cxd5 d6 6. Nf3 g6 7. Bf4 a6 8. e4 b5 9. Bd3 Nh5 10. Bg5 Be7 11. Bh6 b4 12. Nb1 Bf6 13. e5 dxe5 14. Nbd2 Nf4 15. 0-0 Nxd3 16. Ne4 Nf4 17. Re1 Nh5 18. Nxf6+ Qxf6 19. Nxe5 1-0

[Event "WC-2015-T-00004"]
[Site "LSS email"]
[Date "2015.11.01"]
[Round "?"]
[White "Frendzas, Panayotis"]
[Black "Meyner, Hannes"]
[Result "1-0"]
[WhiteElo "2531"]
[BlackElo "2640"]
[PlyCount "85"]
[EventDate "2015.11.08"]
[EventType "tourn (corr)"]
[EventRounds "10"]
[EventCountry "GER"]
[SourceTitle "Corr 2022"]
[Source "ChessBase"]
[SourceDate "2021.10.24"]
[SourceVersion "1"]
[SourceVersionDate "2021.10.24"]
[SourceQuality "1"]

1. e4 c5 2. Nf3 d6 3. d4 cxd4 4. Nxd4 Nf6 5. Nc3 a6 6. Be3 Ng4 7. Bc1 Nf6 8. f3 e5 9. Nb3 Be6 10. Be3 Be7 11. Qd2 0-0 12. 0-0-0 Nbd7 13. g4 b5 14. g5 b4 15. gxf6 bxc3 16. Qxc3 Nxf6 17. Na5 Rc8 18. Nc6 Qd7 19. Nxe7+ Qxe7 20. Qa5 Rc6 21. Kb1 Rfc8 22. Rd2 Nh5 23. Be2 Nf4 24. Bd1 Nh3 25. c3 Qf6 26. Ka1 h6 27. Qa3 Rd8 28. Qa4 Rdc8 29. Be2 Bc4 30. Bxc4 Rxc4 31. Qd1 R4c6 32. Qe2 Nf4 33. Bxf4 Qxf4 34. Rhd1 Re8 35. Rd5 Re6 36. a4 h5 37. Ka2 h4 38. Rg1 Re8 39. Rg4 Qf6 40. c4 Rb8 41. b3 Rb4 42. Rd3 Rcb6 43. f4 1-0

[Event "WC-2015-T-00004"]
[Site "LSS email"]
[Date "2015.11.01"]
[Round "?"]
[White "Meyner, Hannes"]
[Black "Frendzas, Panayotis"]
[Result "1/2-1/2"]
[WhiteElo "2640"]
[BlackElo "2531"]
[PlyCount "25"]
[EventDate "2015.11.08"]
[EventType "tourn (corr)"]
[EventRounds "10"]
[EventCountry "GER"]
[SourceTitle "Corr 2022"]
[Source "ChessBase"]
[SourceDate "2021.10.24"]
[SourceVersion "1"]
[SourceVersionDate "2021.10.24"]
[SourceQuality "1"]

1. d4 Nf6 2. c4 e6 3. Nf3 b6 4. e3 Bb7 5. Bd3 d5 6. b3 Bd6 7. 0-0 0-0 8. Bb2 Nbd7 9. Nc3 a6 10. Rc1 Qe7 11. Na4 dxc4 12. bxc4 Ne4 13. Nc3 1/2-1/2

[Event "WC-2015-T-00004"]
[Site "LSS email"]
[Date "2015.11.01"]
[Round "?"]
[White "Meyner, Hannes"]
[Black "Novak, Joze"]
[Result "0-1"]
[WhiteElo "2640"]
[BlackElo "2366"]
[PlyCount "76"]
[EventDate "2015.11.08"]
[EventType "tourn (corr)"]
[EventRounds "10"]
[EventCountry "GER"]
[SourceTitle "Corr 2022"]
[Source "ChessBase"]
[SourceDate "2021.10.24"]
[SourceVersion "1"]
[SourceVersionDate "2021.10.24"]
[SourceQuality "1"]

1. d4 Nf6 2. c4 e6 3. Nc3 Bb4 4. f3 c5 5. d5 0-0 6. e4 d6 7. Nge2 Re8 8. Ng3 b5 9. Bf4 Qb6 10. Kf2 bxc4 11. Bxc4 Ba6 12. Na4 Qc7 13. b3 Bxc4 14. bxc4 exd5 15. cxd5 g6 16. Qc2 Nbd7 17. Rhb1 Rac8 18. Bg5 Kg7 19. Kg1 Ba5 20. Rb2 Ne5 21. Rab1 Rb8 22. h3 h6 23. Bf4 Nfd7 24. Ne2 c4 25. Kh2 Rxb2 26. Nxb2 Qc5 27. Nc3 Rb8 28. Nba4 Qc8 29. Be3 Rxb1 30. Nxb1 g5 31. Na3 Kh7 32. Nb5 Qb8 33. Nd4 Qb4 34. Nc6 Nxc6 35. dxc6 Ne5 36. Nc3 Nxc6 37. Nd5 Qb5 38. f4 gxf4 0-1

[Event "WC-2015-T-00004"]
[Site "LSS email"]
[Date "2015.11.01"]
[Round "?"]
[White "Novak, Joze"]
[Black "Meyner, Hannes"]
[Result "1/2-1/2"]
[WhiteElo "2366"]
[BlackElo "2640"]
[PlyCount "54"]
[EventDate "2015.11.08"]
[EventType "tourn (corr)"]
[EventRounds "10"]
[EventCountry "GER"]
[SourceTitle "Corr 2022"]
[Source "ChessBase"]
[SourceDate "2021.10.24"]
[SourceVersion "1"]
[SourceVersionDate "2021.10.24"]
[SourceQuality "1"]

1. e4 c5 2. Nf3 d6 3. d4 cxd4 4. Nxd4 Nf6 5. Nc3 a6 6. Be3 Ng4 7. Bc1 Nf6 8. f3 e5 9. Nb3 Be6 10. Be3 h5 11. Nd5 Bxd5 12. exd5 Nbd7 13. Qd2 g6 14. Be2 Bg7 15. Na5 Qc7 16. Rc1 b6 17. Nb3 h4 18. c3 Nh5 19. 0-0 f5 20. Rfe1 Kf7 21. a4 f4 22. Bf2 h3 23. Bd3 hxg2 24. Kxg2 Rh6 25. Rh1 Rah8 26. Rcg1 Nhf6 27. Qe2 Ng8 1/2-1/2

[Event "WC-2015-S-00004"]
[Site "LSS email"]
[Date "2015.06.02"]
[Round "?"]
[White "Bonatti, Walter"]
[Black "Meyner, Hannes"]
[Result "1/2-1/2"]
[WhiteElo "2448"]
[BlackElo "2643"]
[PlyCount "57"]
[EventDate "2015.06.10"]
[EventType "tourn (corr)"]
[EventRounds "12"]
[EventCountry "GER"]
[SourceTitle "Corr 2022"]
[Source "ChessBase"]
[SourceDate "2021.10.24"]
[SourceVersion "1"]
[SourceVersionDate "2021.10.24"]
[SourceQuality "1"]

1. e4 c5 2. Nf3 e6 3. d4 cxd4 4. Nxd4 Nc6 5. Nc3 Qc7 6. Be3 a6 7. Qd2 Nf6 8. 0-0-0 Be7 9. f3 b5 10. g4 Nxd4 11. Bxd4 Bb7 12. g5 Nh5 13. Be5 Qxe5 14. Qxd7+ Kf8 15. Qxb7 Qb8 16. Rd7 Qxb7 17. Rxb7 h6 18. g6 fxg6 19. Bd3 Kf7 20. a4 bxa4 21. Nxa4 a5 22. e5 Nf4 23. Be4 Rhd8 24. c3 Rab8 25. Nc5 Nd3+ 26. Bxd3 Rxb7 27. Bxg6+ Kxg6 28. Nxb7 Bg5+ 29. Kb1 1/2-1/2